<?xml version="1.0" encoding="UTF-8"?>
<record
    xmlns:xsi="http://www.w3.org/2001/XMLSchema-instance"
    xsi:schemaLocation="http://www.loc.gov/MARC21/slim http://www.loc.gov/standards/marcxml/schema/MARC21slim.xsd"
    xmlns="http://www.loc.gov/MARC21/slim">

  <leader>00648nam a2200241 a 4500</leader>
  <controlfield tag="001">0001-1030</controlfield>
  <controlfield tag="003">ELIB.Books</controlfield>
  <controlfield tag="008">141112 2010                        eng  </controlfield>
  <datafield tag="020" ind1=" " ind2=" ">
    <subfield code="a">0802811442</subfield>
  </datafield>
  <datafield tag="035" ind1=" " ind2=" ">
    <subfield code="a">(ELIB.Books)0001-1184</subfield>
  </datafield>
  <datafield tag="092" ind1=" " ind2=" ">
    <subfield code="a">241</subfield>
    <subfield code="b">Mur</subfield>
  </datafield>
  <datafield tag="100" ind1=" " ind2=" ">
    <subfield code="a">Murray, John.</subfield>
  </datafield>
  <datafield tag="245" ind1=" " ind2=" ">
    <subfield code="a">Principles of Conduct:</subfield>
    <subfield code="b">Aspects of Biblical Ethics</subfield>
  </datafield>
  <datafield tag="260" ind1=" " ind2=" ">
    <subfield code="a">Grand Rapids</subfield>
    <subfield code="b">Wm. B. Eerdmans Publishing Company</subfield>
    <subfield code="c">1991</subfield>
  </datafield>
  <datafield tag="300" ind1=" " ind2=" ">
    <subfield code="a">271</subfield>
    <subfield code="c">21.2 Cm</subfield>
  </datafield>
  <datafield tag="500" ind1=" " ind2=" ">
    <subfield code="a">Taylor, Saw.</subfield>
  </datafield>
  <datafield tag="650" ind1=" " ind2=" ">
    <subfield code="a">Christian Ethics</subfield>
  </datafield>
  <datafield tag="856" ind1=" " ind2=" ">
    <subfield code="n">KBTS; Library</subfield>
    <subfield code="u">KBTS; Elib.</subfield>
  </datafield>
  <datafield tag="942" ind1=" " ind2=" ">
    <subfield code="2">ddc</subfield>
    <subfield code="c">BK</subfield>
  </datafield>
  <datafield tag="952" ind1=" " ind2=" ">
    <subfield code="0">0</subfield>
    <subfield code="1">0</subfield>
    <subfield code="2">ddc</subfield>
    <subfield code="4">0</subfield>
    <subfield code="7">0</subfield>
    <subfield code="a">KBTS</subfield>
    <subfield code="b">KBTS</subfield>
    <subfield code="d">2014-11-12</subfield>
    <subfield code="l">0</subfield>
    <subfield code="p">13035</subfield>
    <subfield code="r">2022-01-22 00:00:00</subfield>
    <subfield code="w">2022-01-22</subfield>
    <subfield code="y">BK</subfield>
  </datafield>
  <datafield tag="990" ind1=" " ind2=" ">
    <subfield code="a">1</subfield>
  </datafield>
  <datafield tag="998" ind1=" " ind2=" ">
    <subfield code="c">bat</subfield>
    <subfield code="e">2014-11-12</subfield>
  </datafield>
  <datafield tag="999" ind1=" " ind2=" ">
    <subfield code="c">11030</subfield>
    <subfield code="d">11030</subfield>
  </datafield>
</record>
